000 00309nam a2200145Ia 4500
100 _aHughes/Bob/ Cotterell
250 _a3
942 _cBK
654 _asoftware
245 _aSoftware Project Management
260 _bTata Mc Graw hill
_c2002
082 _a5.1
_bHUG
300 _a358
546 _aENGLISH
999 _c31177
_d31177